Countries That Contain "CA" - Statistics

General Stats
  • This quiz has been taken 319 times
    298 since last reset
  • The average score is 8 of 13
Answer Stats
Country % Correct
Canada
91%
Cambodia
77%
Cameroon
74%
Dominica
71%
South Africa
70%
Dominican Republic
69%
Central African Republic
64%
Cabo Verde
59%
Costa Rica
57%
Nicaragua
55%
Jamaica
53%
Madagascar
47%
Vatican City
40%
No matching quizzes found
Score Distribution
Percent of People with Each Score
Percentile by Number Answered
Your Score History
You have not taken this quiz since the last reset